00767cam a2200193 450000500170000000800410001702000140005805000250007210000170009724501730011425000110028726000400029830000210033850400320035965000400039165000500043165000480048170000440052920250703131715.0030910t19921992Ag 000 0 spa u a95067909904aKHA870.R4 bG73 19921 aGrassi, Cura10aContratos en moneda extranjera b : derecho de emergencia, Fundamento jurídico de la ley de convertibilidad c / Cura Grassi ; prólogo de Félix A. Trigo Represas a1a ed. aBuenos Aires :bUniversidad, c1992 a140 p. ;c23 cm. aBibliografía : p. 131-140 7aVendedores y compardoreszArgentina 7aCambio del exteriorxLegislaciónzArgentina 72lembaDevaluación de la monedazArgentina1 aTrigo Represas, Félix A., eprólogo